| 000 | 00971cam a22002891i 4500 | ||
|---|---|---|---|
| 001 | 6844476 | ||
| 003 | GBCCL | ||
| 005 | 20241126110431.0 | ||
| 007 | cr_||||||||||| | ||
| 008 | 791031s1919 vau 000 0 eng | ||
| 010 | _a 19004004 | ||
| 035 | _a(OCoLC)5630088 | ||
| 040 |
_aDLC _cNcGA _dOCoLC _dDLC |
||
| 042 | _apremarc | ||
| 050 | 0 | 0 |
_aPS507 _b.M45 |
| 082 |
_a810 _bMET |
||
| 100 | 1 |
_aMetcalf, John Calvin, _d1865-1949. _95268 |
|
| 245 | 1 | 0 |
_aReadings in American literature / _cselected and edited by John Calvin Metcalf and Henry Brantly Handy. |
| 260 |
_aRichmond, Va. : _bJohnson Publishing Co., _c[c1919]. |
||
| 300 |
_a528 p. ; _c20 cm. |
||
| 530 | _aAlso available in digital form on the Internet Archive Web site. | ||
| 650 | 0 |
_aAmerican literature. _95269 |
|
| 700 | 1 |
_aHandy, Henry Brantly, _ejt. ed. _95270 |
|
| 856 | 4 | 1 | _uhttp://hdl.loc.gov/loc.gdc/scd0001.0017196717A |
| 906 |
_a7 _bcbc _coclcrpl _du _encip _f19 _gy-gencatlg |
||
| 942 |
_2ddc _cBK |
||
| 999 |
_c2528 _d2528 |
||